000 00271nam a22000977a 4500
999 _c515652
_d515652
082 _aTNC B142x54 K143c
100 _aKapur, Promilla (com.)
_921374
245 _aEmpowering the Indian woman
_cEdited by promilla Kapur
260 _aNew Delhi
_bDivision
_c2001
300 _a440p.